[Event "Baleares-chT"]
[Site "Palma de Mallorca"]
[Date "2022.01.22"]
[Round "1.3"]
[White "Masip Tressera, Oriol"]
[Black "Payeras Vilella, Pedro"]
[Result "1/2-1/2"]
[WhiteElo "2150"]
[BlackElo "1761"]
[PlyCount "49"]
[EventDate "2022.01.22"]
[EventType "team-tourn"]
[EventRounds "7"]
[EventCountry "ESP"]
[SourceTitle "EXT 2023"]
[Source "ChessBase"]
[SourceDate "2022.10.05"]
[SourceVersion "1"]
[SourceVersionDate "2022.10.05"]
[SourceQuality "1"]
[WhiteTeam "Cercle Artistic de Ciutadella"]
[BlackTeam "La Balanguera"]
[WhiteTeamCountry "ESP"]
[BlackTeamCountry "ESP"]

1. e4 c5 2. Nf3 d6 3. Bb5+ Bd7 4. Bxd7+ Nxd7 5. 0-0 Ngf6 6. Re1 e6 7. c3 Be7 8. d4 0-0 9. Nbd2 b5 10. e5 Ne8 11. Ne4 d5 12. Ng3 cxd4 13. cxd4 Rc8 14. Bd2 g6 15. h4 h5 16. Qb3 Qb6 17. Qe3 Ng7 18. Qh6 Rfe8 19. Re3 Rc2 20. Rb3 a5 21. Rb1 Rec8 22. Rd3 b4 23. Bg5 Bxg5 24. Nxg5 Nf8 25. Rf3 1/2-1/2

[Event "Mallorca-ch Amateur"]
[Site "Mallorca"]
[Date "2019.04.21"]
[Round "5.5"]
[White "Baldo Company, Jordi"]
[Black "Payeras Vilella, Pedro"]
[Result "1/2-1/2"]
[WhiteElo "1700"]
[BlackElo "1542"]
[PlyCount "43"]
[EventDate "2019.04.19"]
[EventType "swiss"]
[EventRounds "6"]
[EventCountry "ESP"]
[SourceTitle "EXT 2024"]
[Source "ChessBase"]
[SourceDate "2023.10.10"]
[SourceVersion "1"]
[SourceVersionDate "2023.10.10"]
[SourceQuality "1"]

1. d4 d5 2. c4 e6 3. Nf3 Nf6 4. g3 b6 5. Bg2 Bb7 6. 0-0 c5 7. Ne5 cxd4 8. Qa4+ Nbd7 9. cxd5 Bxd5 10. Bxd5 Nxd5 11. Qxd4 Nxe5 12. Qxe5 Qf6 13. Qxf6 Nxf6 14. Nc3 Bc5 15. Bf4 Ke7 16. Rfd1 Rhd8 17. a3 Rxd1+ 18. Rxd1 Rd8 19. Rxd8 Kxd8 20. Nb5 a6 21. Nd6 Ke7 22. Nc4 1/2-1/2

[Event "Mallorca-ch C"]
[Site "Palma de Mallorca"]
[Date "2018.11.17"]
[Round "3.4"]
[White "Diez Cabeza, Vicente"]
[Black "Payeras Vilella, Pedro"]
[Result "1/2-1/2"]
[WhiteElo "1616"]
[BlackElo "1554"]
[PlyCount "57"]
[EventDate "2018.11.10"]
[EventType "swiss"]
[EventRounds "6"]
[EventCountry "ESP"]
[SourceTitle "EXT 2024"]
[Source "ChessBase"]
[SourceDate "2023.10.10"]
[SourceVersion "1"]
[SourceVersionDate "2023.10.10"]
[SourceQuality "1"]

1. e4 d5 2. exd5 Qxd5 3. Nc3 Qa5 4. g3 Nf6 5. Bg2 c6 6. d3 Bf5 7. Bd2 Qc7 8. Nge2 e6 9. Ne4 Nxe4 10. dxe4 Bg6 11. Nf4 Nd7 12. h4 e5 13. h5 Bxe4 14. Bxe4 exf4 15. Bxf4 Qa5+ 16. Qd2 Qxd2+ 17. Bxd2 Nf6 18. Bf5 Rd8 19. 0-0-0 Bc5 20. Rde1+ Kf8 21. h6 g6 22. Bg5 Rd6 23. Bxf6 Rxf6 24. Bc8 Bxf2 25. Bd7 Bxe1 26. Rxe1 Re6 27. Bxe6 fxe6 28. Rxe6 Kf7 29. Re3 1/2-1/2

[Event "Calvia Bellon Memorial"]
[Site "Calvia"]
[Date "2018.04.27"]
[Round "1.1"]
[White "Ermachenko, Manuel"]
[Black "Payeras Vilella, Pedro"]
[Result "1-0"]
[WhiteElo "1754"]
[BlackElo "1440"]
[PlyCount "71"]
[EventDate "2018.04.27"]
[EventType "swiss"]
[EventRounds "5"]
[EventCountry "ESP"]
[SourceTitle "EXT 2024"]
[Source "ChessBase"]
[SourceDate "2023.10.10"]
[SourceVersion "1"]
[SourceVersionDate "2023.10.10"]
[SourceQuality "1"]

1. e4 d5 2. exd5 Qxd5 3. Nc3 Qa5 4. d4 Nf6 5. Nf3 c6 6. Be2 Bf5 7. Ne5 Nbd7 8. Nxd7 Nxd7 9. Bf4 e6 10. a3 Nf6 11. 0-0 Qd8 12. Bf3 Bd6 13. Qd2 Bxf4 14. Qxf4 Bxc2 15. Rac1 Bg6 16. b4 a6 17. Na4 Nd7 18. Qd6 Rc8 19. Rfe1 Qc7 20. Qxc7 Rxc7 21. d5 b5 22. dxe6 fxe6 23. Rxe6+ Kf7 24. Rexc6 Rxc6 25. Bxc6 Ne5 26. Bd5+ Kf6 27. Nc5 Rd8 28. Be4 Bxe4 29. Nxe4+ Kf5 30. Ng3+ Kf6 31. Ne4+ Kf5 32. Nc5 Rd6 33. g3 Nc4 34. Rc3 Rd1+ 35. Kg2 Rd6 36. a4 1-0

[Event "Mallorca-ch School U14"]
[Site "Mallorca"]
[Date "2018.02.02"]
[Round "1"]
[White "Payeras Vilella, Pedro"]
[Black "Nieto Foresti, Sofia"]
[Result "1-0"]
[WhiteElo "1501"]
[BlackElo "1038"]
[PlyCount "53"]
[EventDate "2018.02.02"]
[EventType "swiss"]
[EventRounds "6"]
[EventCountry "ESP"]
[SourceTitle "EXT 2024"]
[Source "ChessBase"]
[SourceDate "2023.10.10"]
[SourceVersion "1"]
[SourceVersionDate "2023.10.10"]
[SourceQuality "1"]

1. e4 e5 2. Nf3 Nc6 3. Bc4 Bc5 4. Nc3 d6 5. h3 Nf6 6. a3 0-0 7. d3 h6 8. Na4 Na5 9. Ba2 b6 10. b4 b5 11. Nxc5 dxc5 12. bxa5 c6 13. Bd2 Be6 14. Bxe6 fxe6 15. Nxe5 Qc7 16. Nf3 Rab8 17. 0-0 b4 18. axb4 cxb4 19. Qc1 e5 20. Qb2 c5 21. Qxe5 Qc8 22. Be3 Nd7 23. Qd5+ Kh8 24. Ne5 Nxe5 25. Qxe5 Rb5 26. Bxh6 Rf6 27. Bd2 1-0

[Event "Santa Margalida Mallorca-ch"]
[Site "Santa Margalida"]
[Date "2016.11.11"]
[Round "1"]
[White "Payeras Vilella, Pedro"]
[Black "Baldo Company, Jordi"]
[Result "0-1"]
[WhiteElo "1060"]
[BlackElo "1688"]
[PlyCount "66"]
[EventDate "2016.11.11"]
[EventType "swiss"]
[EventRounds "8"]
[EventCountry "ESP"]
[SourceTitle "EXT 2018"]
[Source "ChessBase"]
[SourceDate "2017.10.13"]
[SourceVersion "1"]
[SourceVersionDate "2017.10.13"]
[SourceQuality "1"]

1. e4 c5 2. Nc3 Nc6 3. Bb5 g6 4. Bxc6 bxc6 5. Nge2 Bg7 6. 0-0 Nf6 7. d3 0-0 8. f4 d6 9. Qe1 Re8 10. Qh4 e6 11. Kh1 Nh5 12. Qf2 f5 13. h3 Nf6 14. e5 Nd5 15. Be3 dxe5 16. fxe5 Bxe5 17. Bxc5 Rb8 18. Rfb1 a6 19. Bd4 Qc7 20. Bxe5 Qxe5 21. a3 Qf6 22. Nd1 e5 23. c4 Nc7 24. b4 Ne6 25. g4 Nd4 26. Nxd4 exd4 27. Nb2 Re3 28. Kg2 Qe5 29. Re1 fxg4 30. hxg4 Bxg4 31. Rxe3 dxe3 32. Qg3 Qxb2+ 33. Kg1 Qxa1+ 0-1